Modely rovnováhy v podmienkach produktovej a cenovej diferenciácie na regulovaných trhoch sieťových odvetví

Saved in:
Bibliographic Details
Corporate Author: Ekonomická univerzita v Bratislave. Fakulta podnikového manažmentu
Other Authors: Grznár, Miroslav, Goga, Marián
Format: Book
Language:Slovak
Published: Bratislava Vydavateľstvo EKONÓM 2015
Edition:1. vyd.
Subjects:
Tags: Add Tag
No Tags, Be the first to tag this record!

MARC

LEADER 00000nam a2200000 4500
001 0198427
005 20240314094427.3
020 |a 978-80-225-4035-3 
041 0 |a slo 
044 |a SK 
245 1 0 |a Modely rovnováhy v podmienkach produktovej a cenovej diferenciácie na regulovaných trhoch sieťových odvetví  |c Eleonora Fendeková a kolektív ; recenzenti: Miroslav Grznár, Marián Goga 
250 |a 1. vyd. 
264 1 |a Bratislava  |b Vydavateľstvo EKONÓM  |c 2015 
300 |a 179 s. [10,18 AH] 
610 2 0 |a regulácia cenová 
610 2 0 |a regulácia trhu 
610 2 0 |a diferenciácia cenová 
610 2 0 |a produkty 
610 2 0 |a monopoly 
610 2 0 |a rovnováha trhová 
610 2 0 |a odvetvia sieťové 
610 2 0 |a politika cenová 
610 2 0 |a kartely 
610 2 0 |a analýza ekonomická 
610 2 0 |a modely cenové 
610 2 0 |a modely dynamické 
610 2 0 |a modely rovnováhy 
610 2 0 |a oligopoly 
610 2 0 |a rovnováha dynamická 
610 2 0 |a ceny 
610 2 0 |a tvorba cien 
610 2 0 |a elektroenergetika 
610 2 0 |a elektrárne 
610 2 0 |a priemysel plynárenský 
610 2 0 |a teplárenstvo 
610 2 0 |a voda pitná 
610 2 0 |a voda odpadová 
610 2 0 |a metóda ABC 
700 1 |a Grznár, Miroslav 
700 1 |a Goga, Marián 
710 2 |a Ekonomická univerzita v Bratislave. Fakulta podnikového manažmentu